000 00779nam a2200241Ia 4500
003 OSt
005 20221006143113.0
006 a|||||r|||| 00| 0
007 ta
008 221006b |||||||| |||| 00| 0 eng d
024 _a8,047
037 _bGift, Jaapn Foundation
_cTextual
040 _aEASL
_cEASL
_beng
041 _2eng
_aeng
082 _aX:275.42, M1
100 _aMATSUKAWA Shigeru
_9274151
245 0 _aDualistic economic development
_b An econometric model of Japan, 1954-1968
260 _aTokyo
_bIntrnational Development Center of Japan Japan
_c1981
300 _a34p.
_ccm.
490 _v JEL
_aIDCJ Working Paper Series, No. 17
942 _hX:275.42, M1
_cTEXL
_2CC
999 _c1076133
_d1076133